Simplified Approach to Corporate Tax Planning & Management : (Record no. 613116)

MARC details
000 -LEADER
fixed length control field 00504nam a2200181 a 4500
008 - FIXED-LENGTH DATA ELEMENTS--GENERAL INFORMATION
fixed length control field 260220s2011##################000#0#eng##
020 ## - INTERNATIONAL STANDARD BOOK NUMBER
ISBN 9788177336016
082 04 - DEWEY DECIMAL CLASSIFICATION NUMBER
Classification number 336.243
Item number GIR
100 1# - MAIN ENTRY--AUTHOR NAME
Personal name Gupta, Dr. Girish Ahuja & Dr. Ravi,
245 10 - TITLE STATEMENT
Title Simplified Approach to Corporate Tax Planning & Management :
260 ## - PUBLICATION, DISTRIBUTION, ETC. (IMPRINT)
Year of publication 2011.
300 ## - PHYSICAL DESCRIPTION
Number of Pages 752 pages
942 ## - ADDED ENTRY ELEMENTS (KOHA)
Koha item type English Books
Holdings
Withdrawn status Lost status Damaged status Not for loan Home library Current library Shelving location Date acquired Full call number Accession Number Price effective from Koha item type
        Anna Centenary Library Anna Centenary Library 4TH FLOOR, A WING 20.02.2026 336.243 GIR 92844 20.02.2026 English Books

Find us on the map